000 00502nam a22001937a 4500
003 bpm
005 20260416112526.0
008 260416b |||||||| |||| 00| p spa d
024 _aS. C. C. / M. C. y E. M.:
040 _aAR-CtUCP
041 _aspa
080 _aCDU
100 _aPardiñas Carlos Ariel
245 _aUn tifón y treinta rimas:
_bcon 30 sonetos de la existencia esencial
260 _aBuenos Aires
_c2003
650 _aLiteratura - Poesía
942 _cLIB
999 _c76653
_d76653